00836nam a22002177a 450000500170000001000140001702000260003103500130005703700130007008200150008324501000009826000450019827000570024330000210030065000400032165000370036170000340039894200290043299900170046195201400047820100811153634.0 aENG-99623 a9789380190112c500.00 aEN-83155 bDBAD/PUB a305.420954 aGender discrimination and environment :bin the 21st Century /cedited by Jagdish Prasad Sharma aNew DelhibSatyam Publishing Housec2010 aN-3/25, Mohan Garden, Uttam NagarbNew Delhie110059 a147p.c22cm (Hb) aGlobalisation-social aspects911235 aWomen and the environment911236 aSharma, Jagdish Prasad911237 2ddccCHh305.420954mGEN c41117d41117 001040718NFICaDBADbDBADd2010-08-11eDBAD/PUBg500.00l0o305.420954 GENpEN-83155r2010-08-11 00:00:00t1v500.00w2010-08-11yEN